| 000 | 00769nam a2200217Ia 4500 | ||
|---|---|---|---|
| 003 | CO-CtgCURN | ||
| 005 | 20250407185024.0 | ||
| 008 | 190723s9999 xx 000 0 und d | ||
| 020 | _a9589380409 | ||
| 040 |
_aCO-CtgCURN _bspa _ccoctgcurn |
||
| 082 |
_a345.1 _bM722 |
||
| 100 | _aMolina Arrubla, Carlos Mario | ||
| 245 | 0 |
_aLa detencion preventiva en el nuevo codigo procesal penal / _cCarlos Mario Molina Arrubla |
|
| 260 |
_aBogotá, Colombia : _bLibreria Juridica Sanchez R Ltda, _c2001 |
||
| 300 |
_a146 páginas ; _c21 centímetros |
||
| 521 | _aAREA PROFESIONAL | ||
| 590 | _aPrograma de Derecho_18 | ||
| 650 | _aDetencion preventiva | ||
| 942 |
_cBK _h345.1 _iM722 _2ddc _n0 |
||
| 999 |
_c28973 _d28973 |
||